Titoli di film che contengono animali #2 - Statistics

Statistiche generali
  • Questo quiz è stato fatto 221 volte
  • Il punteggio medio è 6 su 10
Statistiche sulle risposte
Titoli dei film (incompleti) Animali % Corretto
Koda fratello ________ Orso
96%
Il pianeta delle ________ Scimmie
93%
________ scatenato Toro
83%
Lo ________ Squalo
74%
Basil l'investiga________ Topo
69%
Babe ________ coraggioso Maialino
66%
I ________ di Mister Popper Pinguini
64%
L'uomo ________ Ragno
59%
G. I. Joe, la nascita dei ________ Cobra
25%
L'ultimo ________ Lupo
15%
Nessun quiz corrispondente trovato
Distribuzione punteggi
Percentuale di utenti per punteggio
Percentile per numero di risposta
I tuoi punteggi nel tempo
Non hai fatto questo quiz